000 00722nam a2200265Ia 4500
003 OSt
005 20221005093855.0
006 a|||||r|||| 00| 0
007 ta
008 221004b |||||||| |||| 00| 0 eng d
020 _a0859737404
024 _a76476
037 _cTextual
040 _aCRL
_cCRL
_beng
041 _2eng
_aeng
082 _aY:1, P3
100 _aRubel Paula G
_9315625
245 0 _aTranslating cultures
_b Perspectives on translation and anthropology
260 _aOxford
_bBerg UK
_c2003
300 _a289p
_ccm.
650 _aSOCIOLOGY
700 _a Rosman Abraham
_9315626
942 _hY:1, P3
_cTEXL
_2cc
999 _c1001051
_d1001051